| 000 | 00545nam a22001937a 4500 | ||
|---|---|---|---|
| 999 |
_c2508 _d2508 |
||
| 003 | AR-CdUCM | ||
| 008 | 190304b ||||| |||| 00| 0 spa d | ||
| 040 |
_aMUNICIPALIDAD PROVINCIAL DEL CUSCO _cBIBLIOTECA MUNICIPAL DEL CUSCO |
||
| 082 |
_a869.24 / _bP77 |
||
| 100 |
_aPonce, Aníbal _92441 |
||
| 245 | _aApuntes de viaje / | ||
| 260 |
_aBuenos Aires : _bEl viento en el mundo, _c1970. |
||
| 300 |
_a296 páginas; _c19 cm. |
||
| 650 |
_aNovela _95 |
||
| 650 |
_aViajes _9856 |
||
| 650 |
_aMemorias _9235 |
||
| 942 |
_2ddc _cLIBROS |
||
| 945 | _admma | ||